| 000 | 00550nmm a2200229 a 4500 | ||
|---|---|---|---|
| 003 | AR-BaBNM | ||
| 005 | 20251128211405.0 | ||
| 008 | 174020s2000 ||||||||||||||000 | spa|| | ||
| 020 | _a987-9243-42-0 | ||
| 040 | _cAR-BaBNM | ||
| 100 | 1 | _aMartino, Alejandro | |
| 245 | 1 | 0 | _aSol de patio |
| 260 |
_aBuenos Aires _bEdiciones Simurg _c2000 |
||
| 300 | _a193 p. | ||
| 650 | 4 | _aLITERATURA ARGENTINA | |
| 650 | 4 | _aLITERATURA CONTEMPORANEA | |
| 650 | 4 | _aNOVELAS | |
| 653 | _aNARRATIVA | ||
| 655 | _aLITERATURA | ||
| 942 | _cBK | ||
| 998 | _cmartin | ||
| 999 |
_c19477 _d19477 |
||